Power, politics & law : (Record no. 19936)
[ view plain ]
| 000 -LEADER | |
|---|---|
| fixed length control field | 01098cam a22003375i 4500 |
| 001 - CONTROL NUMBER | |
| control field | 22726916 |
| 003 - CONTROL NUMBER IDENTIFIER | |
| control field | OSt |
| 005 - DATE AND TIME OF LATEST TRANSACTION | |
| control field | 20230206153423.0 |
| 008 - FIXED-LENGTH DATA ELEMENTS--GENERAL INFORMATION | |
| fixed length control field | 220729s2022 ke b 001 0 eng |
| 010 ## - LIBRARY OF CONGRESS CONTROL NUMBER | |
| LC control number | 2022322657 |
| 020 ## - INTERNATIONAL STANDARD BOOK NUMBER | |
| International Standard Book Number | 9789914996401 |
| 040 ## - CATALOGING SOURCE | |
| Original cataloging agency | DLC |
| Language of cataloging | eng |
| Description conventions | rda |
| Transcribing agency | DLC |
| 042 ## - AUTHENTICATION CODE | |
| Authentication code | lcode |
| -- | pcc |
| 043 ## - GEOGRAPHIC AREA CODE | |
| Geographic area code | f-ke--- |
| 050 00 - LIBRARY OF CONGRESS CALL NUMBER | |
| Classification number | KSK1760 |
| Item number | .M85 2022 |
| 100 1# - MAIN ENTRY--PERSONAL NAME | |
| Personal name | Muigai, Githu, |
| Relator term | author. |
| 245 10 - TITLE STATEMENT | |
| Title | Power, politics & law : |
| Remainder of title | dynamics of constitutional change in Kenya, 1887-2022 / |
| Statement of responsibility, etc. | Githu Muigai with Dan Juma. |
| 246 3# - VARYING FORM OF TITLE | |
| Title proper/short title | Power, politics and law |
| 264 #1 - PRODUCTION, PUBLICATION, DISTRIBUTION, MANUFACTURE, AND COPYRIGHT NOTICE | |
| Place of production, publication, distribution, manufacture | [Nakuru] Kenya : |
| Name of producer, publisher, distributor, manufacturer | Kabarak Univeristy Press, |
| Date of production, publication, distribution, manufacture, or copyright notice | 2022. |
| 300 ## - PHYSICAL DESCRIPTION | |
| Extent | 384 p. |
| 336 ## - CONTENT TYPE | |
| Content type term | text |
| Content type code | txt |
| Source | rdacontent |
| 337 ## - MEDIA TYPE | |
| Media type term | unmediated |
| Media type code | n |
| Source | rdamedia |
| 338 ## - CARRIER TYPE | |
| Carrier type term | volume |
| Carrier type code | nc |
| Source | rdacarrier |
| 504 ## - BIBLIOGRAPHY, ETC. NOTE | |
| Bibliography, etc | Includes bibliographical references and index. |
| 650 #0 - SUBJECT ADDED ENTRY--TOPICAL TERM | |
| Topical term or geographic name as entry element | Constitutional history |
| Geographic subdivision | Kenya. |
| 650 #0 - SUBJECT ADDED ENTRY--TOPICAL TERM | |
| Topical term or geographic name as entry element | Law reform |
| Geographic subdivision | Kenya |
| General subdivision | History. |
| 700 1# - ADDED ENTRY--PERSONAL NAME | |
| Personal name | Juma, Dan, |
| Relator term | author. |
| 906 ## - LOCAL DATA ELEMENT F, LDF (RLIN) | |
| a | 0 |
| b | ibc |
| c | origode |
| d | 2 |
| e | ncip |
| f | 20 |
| g | y-gencatlg |
| 942 ## - ADDED ENTRY ELEMENTS (KOHA) | |
| Source of classification or shelving scheme | Library of Congress Classification |
| Koha item type | General Collection |
| Withdrawn status | Lost status | Source of classification or shelving scheme | Not for loan | Home library | Current library | Date acquired | Total Checkouts | Total Renewals | Full call number | Barcode | Date last seen | Date last checked out | Price effective from | Koha item type |
|---|---|---|---|---|---|---|---|---|---|---|---|---|---|---|
| Library of Congress Classification | Kabarak, Main Campus | Kabarak, Main Campus | 06/02/2023 | 10 | 2 | KSK1760 .M85 2022 c.1 | 34685 | 19/11/2024 | 02/11/2024 | 06/02/2023 | General Collection | |||
| Library of Congress Classification | Kabarak, Main Campus | Kabarak, Main Campus | 06/02/2023 | 10 | 2 | KSK1760 .M85 2022 c.2 | 34686 | 09/03/2025 | 27/02/2025 | 06/02/2023 | General Collection | |||
| Library of Congress Classification | Kabarak, Main Campus | Kabarak, Main Campus | 06/02/2023 | 8 | 2 | KSK1760 .M85 2022 c.3 | 34687 | 25/03/2024 | 13/03/2024 | 06/02/2023 | General Collection | |||
| Library of Congress Classification | Kabarak, Main Campus | Kabarak, Main Campus | 06/02/2023 | 11 | 3 | KSK1760 .M85 2022 c.4 | 34689 | 21/04/2026 | 21/04/2026 | 06/02/2023 | General Collection | |||
| Library of Congress Classification | Kabarak, Main Campus | Kabarak, Main Campus | 06/02/2023 | 7 | 5 | KSK1760 .M85 2022 c.5 | 34690 | 09/03/2025 | 25/02/2025 | 06/02/2023 | General Collection | |||
| Library of Congress Classification | Kabarak, Main Campus | Kabarak, Main Campus | 06/02/2023 | 9 | 3 | KSK1760 .M85 2022 c.6 | 34691 | 13/04/2024 | 16/03/2024 | 06/02/2023 | General Collection | |||
| Library of Congress Classification | Kabarak, Main Campus | Kabarak, Main Campus | 06/02/2023 | 12 | 2 | KSK1760 .M85 2022 c.7 | 34692 | 03/10/2025 | 18/09/2025 | 06/02/2023 | General Collection | |||
| Library of Congress Classification | Kabarak, Main Campus | Kabarak, Main Campus | 06/02/2023 | 8 | 2 | KSK1760 .M85 2022 c.8 | 34693 | 19/01/2026 | 29/09/2025 | 06/02/2023 | General Collection | |||
| Library of Congress Classification | Kabarak, Main Campus | Kabarak, Main Campus | 06/02/2023 | 8 | 1 | KSK1760 .M85 2022 c.9 | 34694 | 25/10/2024 | 19/10/2024 | 06/02/2023 | General Collection | |||
| Library of Congress Classification | Kabarak, Main Campus | Kabarak, Main Campus | 06/02/2023 | 4 | 1 | KSK1760 .M85 2022 c.10 | 34695 | 11/12/2023 | 03/10/2023 | 06/02/2023 | General Collection | |||
| Library of Congress Classification | Kabarak, Main Campus | Kabarak, Main Campus | 06/02/2023 | 5 | 3 | KSK1760 .M85 2022 c.11 | 34696 | 04/03/2024 | 02/02/2024 | 06/02/2023 | General Collection |